Walt Whitman

में बचाया:
ग्रंथसूची विवरण
मुख्य लेखक: Murphy, Francis (editor)
स्वरूप: अज्ञात
भाषा:Spanish
प्रकाशित: Australia Penguin Books 1969
विषय:
टैग: टैग जोड़ें
कोई टैग नहीं, इस रिकॉर्ड को टैग करने वाले पहले व्यक्ति बनें!

MARC

LEADER 00000 a2200000 4500
008 190731b ||||| |||| 00| 0 spa d
999 |c 30752  |d 30752 
040 |a cru BVZT 
090 |a 810 M-56w 
100 |a Murphy, Francis (editor) 
245 |a Walt Whitman 
260 |a Australia  |b Penguin Books  |c 1969 
300 |a 482 páginas 
650 |a LITERATURA ESTADOUNIDENSE  |9 25 
650 |a EN IDIOMA INGLÉS  |9 129 
650 |a WALT WHITMAN 
942 |c LIB  |h 810 M-56w  |2 z